000 00694nam a2200205 a 4500
001 000006752
005 20200929154004.0
008 090902s1988 dr 000 0 spa d
040 _aDO-SdBNP
082 _axxx
_bJ82e
100 1 _aSalomón Jorge
_d1963-
_918791
245 1 0 _aEspigas /
_cSalomón, Jorge.
260 _aSantiago de los Caballeros :
_bPontificia Universidad Católica Madre y Maestra,
_c1988.
300 _a406 p. :
_bgráf. , il. ;
_c23 cm.
490 0 _aContemporaneos ;
500 _aIncluye datos biográficos del autor
500 _aIncluye notas al pie de las páginas
590 _aPerteneció a la biblioteca personal de Juan Isidro Jimenes Grullón
049 _aBNPD
999 _c6540
_d6540